000
00316nam a2200133Ia 4500
005
20260328101506.0
008
260328s9999||||xx |||||||||||||| ||und||
100
_a
Masini, Lara V.
245
0
_a
Antoni Gaudà /
_c
Lara V. Masini
260
_b
Ediciones Nauta
300
_a
95 p.
650
_a
ARQUITECTOS
942
_c
BK
999
_c
9028
_d
9028